000
00290nam a22001337a 4500
008
170807b xxu||||| |||| 00| 0 eng d
020
_a
9780071597333
041
_a
eng
080
_a
004
100
_a
33
101
_a
SHK
245
_a
SEARCH ENGINE MARKETING
_c
RAMOS,A
942
_2
udc
_c
BK
999
_c
22768
_d
22768